000 00355nam a22001337a 4500
082 _a516.33
_bNAR
_cL-2, P-24
100 _aShanti narayan
_910406
245 _aAnalytical solid geometry
_cShanti narayan
300 _ax, 270 p,:
526 _a0
_b0
_c0
_d516_330000000000000_NAR
650 _aMCE
_9379
700 _aShanti narayan
_910406
942 _2ddc
_cBK
999 _c543896
_d543896